Nghi thức thư tín thương mại quốc tế = International trade correspondance etiquette

Guardat en:
Dades bibliogràfiques
Autor principal: Nguyễn, Trọng Đàn
Format: Llibre
Idioma:Undetermined
Publicat: Tp. HCM ĐHQG 2003
Matèries:
Etiquetes: Afegir etiqueta
Sense etiquetes, Sigues el primer a etiquetar aquest registre!
Thư viện lưu trữ: Trung tâm Học liệu Trường Đại học Cần Thơ
LEADER 00588nam a2200193Ia 4500
001 CTU_54359
008 210402s9999 xx 000 0 und d
020 |b 15000 
082 |a 651.75 
082 |b Đ105 
100 |a Nguyễn, Trọng Đàn 
245 0 |a Nghi thức thư tín thương mại quốc tế = International trade correspondance etiquette 
245 0 |c Nguyễn Trọng Đàn 
260 |a Tp. HCM 
260 |b ĐHQG 
260 |c 2003 
650 |a commercial correspondence 
904 |i Minh 
980 |a Trung tâm Học liệu Trường Đại học Cần Thơ